[Event "LEM M-V 2026 Meisterturnier"]
[Site "Neubrandenburg"]
[Date "2026.03.29"]
[Round "4.3"]
[White "Stövesand, Eric"]
[Black "Schmidt, Arne"]
[Result "1-0"]
[Time "15:00:00"]
[WhiteElo "1959"]
[BlackElo "1886"]

1. e4 e5 2. Nf3 Nf6 3. Nc3 Nc6 4. Bb5 Nd4 5. Ba4 Bc5 6. d3 O-O 7. Bg5 h6 8. Bh4 d6 9. Nxd4 exd4 10. Ne2 c6 11. O-O g5 12. Bg3 d5 13. Be5 dxe4 14. Bxf6 Qxf6 15. dxe4 Bg4 16. Qd3 Bxe2 17. Qxe2 Rae8 18. Qd3 Bd6 19. Rae1 Re5 20. Re2 Rfe8 21. Kh1 b5 22. Bb3 c5 23. Bd5 Qe7 24. Bc6 c4 25. Qxd4 Rd8 26. Rd2 g4 27. f4 Rh5 28. g3 Bc7 29. Qe3 Bb6 30. Rxd8+ Qxd8 31. Qe2 Qc8 32. Bd5 Rxd5 33. exd5 Qf5 34. Rd1 h5 35. d6 Qd7 36. Qe4 f5 37. Qd5+ Kg7 38. Re1 1-0

[Event "LEM M-V 2026 Meisterturnier"]
[Site "Neubrandenburg"]
[Date "2026.03.29"]
[Round "4.4"]
[White "Woll, Wilfried"]
[Black "Krause, Enrico"]
[Result "1-0"]
[Time "15:00:00"]
[WhiteElo "1998"]
[BlackElo "1854"]

1. Nf3 d5 2. g3 Nf6 3. Bg2 Bf5 4. d3 h6 5. Nbd2 Nbd7 6. c4 e6 7. O-O c6 8. Nd4 Bh7 9. cxd5 exd5 10. N2f3 Be7 11. Bd2 O-O 12. b4 a6 13. a4 Re8 14. Bc3 Bf8 15. Ra2 Bd6 16. Nd2 Qe7 17. Rb2 Rac8 18. N2f3 Nf8 19. Bh3 Rcd8 20. Qd2 a5 21. Nh4 axb4 22. Ndf5 Bxf5 23. Nxf5 Qc7 24. Bxf6 gxf6 25. Qxh6 Ne6 26. Nxd6 Qxd6 27. Bf5 Nf8 28. d4 Ra8 29. Rfb1 Rxa4 30. Qd2 Ne6 31. Rxb4 Rxb4 32. Rxb4 b5 33. Rb3 Ra8 34. Qh6 Nf8 35. Re3 c5 36. dxc5 Qxc5 37. Qxf6 d4 38. Re7 Qd5 39. Be4 Ra1+ 40. Kg2 Qh5 41. Re5 1-0

[Event "LEM M-V 2026 Meisterturnier"]
[Site "Neubrandenburg"]
[Date "2026.03.29"]
[Round "4.5"]
[White "Schreiber, Felix"]
[Black "Ehlers, Michael"]
[Result "0-1"]
[Time "15:00:00"]
[WhiteElo "1937"]
[BlackElo "1943"]

1. d4 Nf6 2. Nf3 e6 3. Bf4 b6 4. e3 Bb7 5. a3 c5 6. c4 cxd4 7. exd4 d5 8. Nc3 Bd6 9. Ne5 O-O 10. Be2 a6 11. cxd5 Nxd5 12. Nxd5 Bxd5 13. Bf3 Be7 14. Bxd5 Qxd5 15. Qf3 Qxf3 16. Nxf3 Nc6 17. O-O Bf6 18. Be5 Rac8 19. Bxf6 gxf6 20. d5 Ne7 21. dxe6 fxe6 22. Rfc1 Kf7 23. Kf1 Nd5 24. g3 b5 25. Nd2 Nb6 26. Ne4 Ke7 27. Nc5 a5 28. b4 Nc4 29. Nb3 a4 30. Nd4 Nd2+ 31. Ke2 Nb3 32. Nxb3 axb3 33. Rab1 Rxc1 34. Rxc1 Ra8 35. Kd2 Rxa3 36. Kc3 Ra2 37. Rf1 e5 38. Kxb3 Re2 39. Ra1 Rxf2 40. Ra7+ Ke6 41. Rxh7 Rf3+ 42. Kc2 Kd5 43. Rc7 e4 44. Rc5+ Kd4 45. Rxb5 Rf2+ 46. Kd1 Rxh2 47. Rf5 Kd3 48. Rd5+ Ke3 49. Rf5 Rf2 50. Rd5 Kf3 51. b5 Kxg3 52. Ke1 e3 53. b6 Rb2 54. Rf5 Rxb6 55. Ke2 Kg4 56. Rf1 Re6 0-1

[Event "LEM M-V 2026 Meisterturnier"]
[Site "Neubrandenburg"]
[Date "2026.03.29"]
[Round "4.6"]
[White "Lippitz, Jaden"]
[Black "Scharf, Christian"]
[Result "0-1"]
[Time "15:00:00"]
[WhiteElo "1863"]
[BlackElo "1918"]

1. e4 c5 2. Nc3 Nc6 3. Nf3 e6 4. d4 cxd4 5. Nxd4 Qc7 6. Be3 a6 7. Qd2 Nf6 8. f3 Bb4 9. a3 Be7 10. g4 d6 11. g5 Nd7 12. f4 b5 13. Rd1 Bb7 14. Bh3 O-O 15. Nxe6 fxe6 16. Bxe6+ Kh8 17. Nd5 Qd8 18. Qg2 Nc5 19. Bxc5 dxc5 20. Qh3 Nd4 21. O-O Bxd5 22. Bxd5 Ne2+ 23. Kh1 Nxf4 24. Bxa8 Nxh3 25. Rxd8 Rxd8 26. Bd5 Bxg5 27. b4 cxb4 28. axb4 Nf4 29. Bb7 Rd4 30. c3 Rd6 31. Ra1 Bf6 32. Rf1 Ng6 33. Rc1 Ne5 34. Bd5 h6 35. Kg1 g5 36. Rc2 Kg7 37. Kg2 Nc4 38. Kf3 Be5 39. h3 Rf6+ 40. Ke2 Bg3 41. Kd3 Rf3+ 42. Kd4 Bf2+ 0-1

[Event "LEM M-V 2026 Meisterturnier"]
[Site "Neubrandenburg"]
[Date "2026.03.29"]
[Round "4.7"]
[White "Kunow, Frank"]
[Black "Patzenhauer, Max"]
[Result "1/2-1/2"]
[Time "15:00:00"]
[WhiteElo "1957"]
[BlackElo "1979"]

1. Nf3 Nf6 2. c4 g6 3. g3 Bg7 4. Bg2 d6 5. Nc3 O-O 6. O-O c6 7. d4 Nbd7 8. h3 Qc7 9. e4 e5 10. dxe5 dxe5 11. Be3 Re8 12. Qd2 Nf8 13. Rfd1 Be6 14. Qe2 Rad8 15. Rac1 Bc8 16. Rxd8 Rxd8 17. Rd1 Rxd1+ 18. Qxd1 Ne6 19. c5 Nd7 20. b4 b6 21. cxb6 axb6 22. Bf1 Bf8 23. a3 Qd6 24. Qxd6 Bxd6 25. Bc4 Nd8 26. Bg5 Nb7 27. b5 Na5 28. Ba2 Bxa3 29. bxc6 Nxc6 30. Nd5 Kg7 31. Be3 g5 32. Nd2 Nf8 33. g4 Ne6 34. Nxb6 Ba6 35. Nb3 Bb2 36. Nc5 Nxc5 37. Bxc5 Bc3 38. Nd5 Bd2 39. Nc7 Nb8 40. Ba7 Nc6 1/2-1/2

[Event "LEM M-V 2026 Meisterturnier"]
[Site "Neubrandenburg"]
[Date "2026.03.29"]
[Round "4.8"]
[White "Schröder, Hannes Artur"]
[Black "Johlke, Lorenz"]
[Result "1-0"]
[Time "15:00:00"]
[WhiteElo "1810"]
[BlackElo "1808"]

1. c4 e6 2. Nc3 Bb4 3. d4 f5 4. Bd2 Nf6 5. Nf3 O-O 6. e3 b6 7. Be2 Bb7 8. a3 Bxc3 9. Bxc3 d6 10. O-O Qe8 11. b4 Nbd7 12. Rb1 Ne4 13. Qb3 g5 14. Nd2 Ndf6 15. Nxe4 Nxe4 16. f3 Qh5 17. Rbe1 Nxc3 18. Qxc3 Qh4 19. c5 g4 20. cxd6 gxf3 21. Bxf3 Bxf3 22. Rxf3 cxd6 23. Rg3+ Kh8 24. Qc7 Rg8 25. Qxd6 Rxg3 26. Qxg3 Qxg3 27. hxg3 Kg7 28. Rc1 Kf6 29. Kf2 Re8 30. Rc7 Re7 31. Rxe7 Kxe7 32. Kf3 h5 33. e4 a5 34. b5 a4 35. e5 Kf7 36. Ke3 Kg6 37. d5 exd5 38. Kd4 1-0

[Event "LEM M-V 2026 Meisterturnier"]
[Site "Neubrandenburg"]
[Date "2026.03.30"]
[Round "5.1"]
[White "Herrmann, Jakob"]
[Black "Stövesand, Eric"]
[Result "1/2-1/2"]
[Time "09:00:00"]
[WhiteElo "2203"]
[BlackElo "1959"]

1. d4 d5 2. c4 c6 3. cxd5 cxd5 4. Nc3 Nf6 5. Nf3 Nc6 6. Bf4 Bf5 7. e3 e6 8. Qb3 Bb4 9. Ne5 Qb6 10. Nxc6 bxc6 11. a3 Be7 12. Qxb6 axb6 13. Rc1 O-O 14. f3 Bg6 15. Bg3 Rfc8 16. Kd2 Ne8 17. Bd3 Nd6 18. Bxd6 Bxd6 19. Bxg6 hxg6 20. Ra1 Kf8 21. h3 Ke7 22. Rhc1 Kd7 23. a4 f6 24. Kd3 Re8 25. e4 Bb4 26. b3 Bd6 27. Ra2 Ra5 28. Re2 Rc8 29. exd5 exd5 30. Rce1 Raa8 31. f4 Re8 32. Rxe8 Rxe8 33. Rxe8 Kxe8 34. Ne2 Kd7 35. g4 Bb4 36. f5 g5 37. Ng3 Ke7 38. Nf1 Kd6 39. Ne3 Kc7 40. Nc2 Bd6 41. b4 Kb7 42. Kc3 Ka6 43. Ne1 Bg3 44. Nd3 Bd6 45. Kb3 Be7 46. Nc1 Bd6 47. Ne2 Bh2 48. Nc3 Bg1 49. b5+ Kb7 50. bxc6+ Kxc6 51. Nb5 Bf2 52. Kc3 Be1+ 53. Kd3 Bg3 54. Na3 Bd6 55. Nc2 Bg3 56. Kc3 Bf4 57. Nb4+ Kd6 58. Nd3 Be3 59. Ne1 Bf2 60. Nf3 Kc6 61. Kb4 Bg3 62. a5 Bd6+ 63. Ka4 b5+ 64. Kb3 Bc7 65. Kb4 Bd6+ 66. Kb3 Bc7 67. Kb4 Bd6+ 68. Kb3 1/2-1/2

[Event "LEM M-V 2026 Meisterturnier"]
[Site "Neubrandenburg"]
[Date "2026.03.30"]
[Round "5.2"]
[White "Ehlers, Michael"]
[Black "Walz, Fabian"]
[Result "1/2-1/2"]
[Time "09:00:00"]
[WhiteElo "1943"]
[BlackElo "2000"]

1. e4 c6 2. d4 d5 3. exd5 cxd5 4. Bd3 Nc6 5. c3 Nf6 6. Bf4 Bg4 7. Qb3 Qd7 8. Nd2 e6 9. Ngf3 Bd6 10. Bg3 O-O 11. O-O Rab8 12. Ne5 Qc7 13. Ndf3 Bh5 14. Rfe1 b5 15. a3 a6 16. Qc2 Bg6 17. Ng5 Nxd4 18. cxd4 Qxc2 19. Bxc2 Bxc2 20. Ngxf7 Rxf7 21. Nxf7 Bxg3 22. hxg3 Kxf7 23. Rac1 Bf5 24. f3 h5 25. Rc7+ Kg6 26. b4 a5 27. Rec1 a4 28. R1c6 Ne8 29. Ra7 Kf6 30. Kf2 g5 31. Ke3 Bg6 32. Raa6 Ng7 33. g4 hxg4 34. fxg4 Rb7 35. Ra8 Ne8 36. Kd2 Ke7 37. Kc1 Kd7 38. Rc5 Be4 39. g3 Ke7 40. Kd2 Bg6 41. Ke2 Nf6 42. Rcc8 Ne4 43. Ke3 Nd6 44. Rg8 Nc4+ 45. Ke2 Kf6 46. Rac8 Nxa3 47. Rc3 Bf7 48. Rf3+ Ke7 49. Rh8 Nc2 50. Rxf7+ Kxf7 51. Rh7+ Kf6 52. Rxb7 a3 53. Ra7 Nxd4+ 54. Kd2 Nc6 55. Rxa3 Nxb4 56. Rb3 Nc6 57. Rxb5 Ne5 58. Rb1 Nc4+ 59. Ke2 Ke5 60. Rb8 Nd6 61. Rg8 Kf6 62. Rf8+ Ke7 63. Rg8 Kf7 64. Rd8 Ke7 65. Rg8 Nc4 66. Kf3 Kf6 67. Rf8+ Ke5 68. Re8 Nd2+ 69. Ke2 Ne4 70. Kf3 Nd6 71. Rg8 Nf7 72. Rf8 Kf6 73. Ke3 Ke7 1/2-1/2

[Event "LEM M-V 2026 Meisterturnier"]
[Site "Neubrandenburg"]
[Date "2026.03.30"]
[Round "5.3"]
[White "Scharf, Christian"]
[Black "Woll, Wilfried"]
[Result "1/2-1/2"]
[Time "09:00:00"]
[WhiteElo "1918"]
[BlackElo "1998"]

1. d4 d5 2. c4 e6 3. Nf3 c5 4. cxd5 exd5 5. g3 Nc6 6. Bg2 h6 7. O-O Nf6 8. Nc3 Be7 9. dxc5 Bxc5 10. a3 a5 11. b3 O-O 12. Bb2 Be6 13. Rc1 Qe7 14. Nb5 b6 15. Nfd4 Nxd4 16. Bxd4 Rac8 17. a4 Ne4 1/2-1/2

[Event "LEM M-V 2026 Meisterturnier"]
[Site "Neubrandenburg"]
[Date "2026.03.30"]
[Round "5.4"]
[White "Großmann, Piet"]
[Black "Peilert, Maximilian"]
[Result "1-0"]
[Time "09:00:00"]
[WhiteElo "2045"]
[BlackElo "1857"]

1. d4 Nf6 2. c4 c6 3. Nf3 d5 4. Qc2 Bg4 5. Ne5 Bh5 6. cxd5 cxd5 7. Nc3 Nc6 8. e4 e6 9. Bb5 Rc8 10. Qa4 Qb6 11. exd5 exd5 12. Bg5 a6 13. Bxc6+ bxc6 14. O-O Bb4 15. Bxf6 Bxc3 16. bxc3 gxf6 17. Rfe1 Kd8 18. Nd3 Re8 19. Rxe8+ Kxe8 20. Qa3 Bg4 21. Re1+ Be6 22. Nc5 Rc7 23. f4 Re7 24. f5 Qd8 25. fxe6 fxe6 26. Qxa6 1-0

[Event "LEM M-V 2026 Meisterturnier"]
[Site "Neubrandenburg"]
[Date "2026.03.30"]
[Round "5.5"]
[White "Krause, Enrico"]
[Black "Schröder, Hannes Artur"]
[Result "1-0"]
[Time "09:00:00"]
[WhiteElo "1854"]
[BlackElo "1810"]

1. c4 e6 2. Nc3 f5 3. d4 Nf6 4. Nf3 Be7 5. g3 b6 6. Bg2 Bb7 7. O-O d6 8. a4 O-O 9. a5 Ne4 10. Qb3 Qc8 11. Ne1 Nxc3 12. bxc3 Bxg2 13. Nxg2 Nc6 14. axb6 cxb6 15. Qa2 Na5 16. e4 Qxc4 17. Re1 Qxa2 18. Rxa2 fxe4 19. Rxe4 e5 20. f4 Rfe8 21. Rae2 Rac8 22. fxe5 d5 23. Rf4 Rxc3 24. Bd2 Ra3 25. Bxa5 Rxa5 26. Rc2 Bg5 27. Rf3 Ra4 28. h4 Be7 29. Rf4 Rf8 30. Rc7 Bd8 31. Rd7 Re8 32. Rff7 Be7 33. Rfxe7 Rxe7 34. Rxe7 Rxd4 35. Nf4 h6 36. h5 a5 37. e6 Kf8 38. Ng6+ 1-0

[Event "LEM M-V 2026 Meisterturnier"]
[Site "Neubrandenburg"]
[Date "2026.03.30"]
[Round "5.6"]
[White "Patzenhauer, Max"]
[Black "Lippitz, Jaden"]
[Result "1/2-1/2"]
[Time "09:00:00"]
[WhiteElo "1979"]
[BlackElo "1863"]

1. d4 d5 2. Bf4 c6 3. c3 e6 4. Nd2 Bd6 5. Bxd6 Qxd6 6. e4 f5 7. exf5 exf5 8. Ngf3 Nf6 9. Bd3 O-O 10. O-O Ne4 11. Ne5 Nd7 12. Ndf3 Ndf6 13. Qc2 Be6 14. Ne1 c5 15. f3 cxd4 16. fxe4 dxe4 17. N5f3 dxc3 18. Qxc3 exd3 19. Qxd3 Qxd3 20. Nxd3 Bc4 21. Nfe5 Bxd3 22. Nxd3 g6 23. Rac1 Rac8 24. Rfe1 b6 25. Rxc8 Rxc8 26. Re7 Rd8 27. Nf4 Ne4 28. Kf1 Rd1+ 29. Ke2 Rd2+ 30. Ke3 Rxb2 31. Rxa7 g5 32. Nd5 Rxg2 33. Ne7+ Kf7 34. Nxf5+ Kf6 35. Kxe4 Rg4+ 36. Kf3 Rf4+ 37. Kg3 Kxf5 38. Rxh7 Ra4 39. Rf7+ Kg6 40. Rf2 Kh5 41. Rb2 1/2-1/2

[Event "LEM M-V 2026 Meisterturnier"]
[Site "Neubrandenburg"]
[Date "2026.03.30"]
[Round "5.7"]
[White "Schmidt, Arne"]
[Black "Kunow, Frank"]
[Result "1/2-1/2"]
[Time "09:00:00"]
[WhiteElo "1886"]
[BlackElo "1957"]

1. d4 Nf6 2. c4 e6 3. g3 c5 4. Bg2 cxd4 5. Nf3 e5 6. O-O d6 7. e3 dxe3 8. Bxe3 Be7 9. c5 e4 10. cxd6 exf3 11. dxe7 Qxe7 12. Re1 Be6 13. Bxf3 O-O 14. Nc3 Nc6 15. Qc2 Nb4 16. Qe2 Rac8 17. Bf4 Rcd8 18. Rad1 a6 19. a3 Nc6 20. Qe3 Rxd1 21. Rxd1 Rd8 22. Rxd8+ Qxd8 23. Qd2 Qc8 24. Na4 Bg4 25. Bg2 h6 26. Qd6 Qf5 27. Nc3 Qc2 28. Qd2 Qb3 29. h3 Bf5 30. g4 Be6 31. g5 hxg5 32. Bxg5 Nd7 33. Be3 Nde5 34. Ne4 Nc4 35. Qc2 Qxb2 36. Qxb2 Nxb2 37. Nc5 Bc8 38. Nxa6 Nc4 39. Nb4 N6a5 40. Nd5 Nxe3 41. Nxe3 Be6 42. h4 Kf8 43. Kf1 Ke7 44. Ke2 Kd6 45. f4 b6 46. Kd3 Kc5 47. Be4 Ba2 48. Kc3 Nc4 49. Nxc4 Bxc4 50. Bf3 f6 51. Be4 Be2 52. Bg2 Bg4 53. Be4 Be6 54. Bf3 g6 55. Be4 f5 56. Bd3 Bd5 57. Be2 Bg2 58. Bc4 Bd5 59. Be2 Bf7 1/2-1/2

[Event "LEM M-V 2026 Meisterturnier"]
[Site "Neubrandenburg"]
[Date "2026.03.30"]
[Round "5.8"]
[White "Johlke, Lorenz"]
[Black "Schreiber, Felix"]
[Result "1/2-1/2"]
[Time "09:00:00"]
[WhiteElo "1808"]
[BlackElo "1937"]

1. e4 c5 2. Be2 d6 3. f4 Nc6 4. Nf3 e6 5. O-O Nge7 6. c3 g6 7. d3 Bg7 8. Kh1 h5 9. Be3 b6 10. Nbd2 d5 11. e5 Nf5 12. Bg1 h4 13. d4 Ng3+ 14. hxg3 hxg3+ 15. Bh2 cxd4 16. cxd4 Bd7 17. Nb3 Rxh2+ 18. Kg1 Rh4 19. Qe1 Qe7 20. Qxg3 Rh8 21. Rac1 O-O-O 22. Ng5 Kb8 23. a4 a5 24. Nxa5 bxa5 25. Qb3+ Qb4 26. Qxb4+ axb4 27. Nxf7 Nxd4 28. Bd3 Bxa4 29. Nxd8 Rxd8 30. Ra1 Bc2 31. Bxc2 Nxc2 32. Ra6 Bf8 33. Rxe6 Bc5+ 34. Kh2 Rh8+ 35. Kg3 Ne3 36. Ra1 Nf5+ 37. Kg4 Be7 38. Rxg6 Ne3+ 39. Kf3 Nf5 40. g3 Rh2 41. Rb1 Bc5 42. Rf6 Rf2+ 43. Kg4 Ne3+ 44. Kh3 d4 45. Rc6 Be7 46. Rbc1 d3 47. Rc8+ Kb7 48. R1c7+ Kb6 49. Rxe7 d2 50. Rd7 d1=Q 51. Rxd1 Nxd1 52. e6 Re2 53. f5 Nxb2 54. f6 Rxe6 55. f7 Rf6 56. f8=Q Rxf8 57. Rxf8 Nc4 58. Kg2 Kc5 59. Kf2 b3 60. Ke2 b2 61. Rf1 Na3 62. g4 b1=Q 63. Rxb1 1/2-1/2

[Event "LEM M-V 2026 Meisterturnier"]
[Site "Neubrandenburg"]
[Date "2026.03.30"]
[Round "6.1"]
[White "Walz, Fabian"]
[Black "Herrmann, Jakob"]
[Result "1/2-1/2"]
[Time "15:00:00"]
[WhiteElo "2000"]
[BlackElo "2203"]

1. d4 d5 2. c4 e6 3. Nf3 Nf6 4. g3 Be7 5. Bg2 O-O 6. O-O c6 7. Qc2 b6 8. Nbd2 c5 9. b3 Nc6 10. Bb2 Bb7 11. Rac1 Rc8 12. Qb1 cxd4 13. Nxd4 Nxd4 14. Bxd4 Ba3 15. Bb2 Bxb2 16. Qxb2 Qe7 17. e4 Nxe4 18. cxd5 exd5 19. Rxc8 Rxc8 20. Re1 Qb4 21. Nf3 h6 22. Rc1 Rxc1+ 23. Qxc1 Qc5 24. Qxc5 bxc5 25. Ne5 Nd6 26. Kf1 f6 27. Nd3 c4 28. Nf4 cxb3 29. axb3 Ne4 30. Bxe4 dxe4 31. Ke2 Kf7 32. Ke3 g5 33. Ne2 f5 34. b4 Ke6 35. Kd4 Kd6 36. Nc3 Bc6 37. Nd1 Ke6 38. Nc3 a6 39. Ne2 Kd6 1/2-1/2

[Event "LEM M-V 2026 Meisterturnier"]
[Site "Neubrandenburg"]
[Date "2026.03.30"]
[Round "6.2"]
[White "Stövesand, Eric"]
[Black "Ehlers, Michael"]
[Result "1/2-1/2"]
[Time "15:00:00"]
[WhiteElo "1959"]
[BlackElo "1943"]

1. e4 c5 2. Nf3 Nc6 3. d4 cxd4 4. Nxd4 Nf6 5. Nc3 e5 6. Ndb5 d6 7. Bg5 a6 8. Na3 b5 9. Nd5 Be7 10. Bxf6 Bxf6 11. c3 O-O 12. Nc2 Rb8 13. a4 bxa4 14. Ncb4 Nxb4 15. cxb4 a5 16. b5 Be6 17. Rxa4 Rc8 18. Bc4 Rc5 19. Qe2 Bxd5 20. exd5 Qc7 21. O-O Bd8 22. Rfa1 Qc8 23. b3 Bb6 24. h3 g6 25. Rxa5 Bxa5 26. Rxa5 Qd8 27. Ra6 Rc8 28. Qd2 Qd7 29. Qb4 Rfd8 30. Qa3 Rb8 31. Qa5 Qb7 32. Ra7 Qb6 33. Qa3 Kg7 34. Ra6 Qc7 35. Rc6 Qe7 36. b6 Ra8 37. Qb4 Ra1+ 38. Bf1 Ra2 39. Rc7 Qf6 40. Qe1 Rb2 41. Qe3 Qf4 42. Qxf4 exf4 43. Bc4 Rb1+ 44. Kh2 Rb2 45. Kg1 Rb1+ 46. Kh2 Rb2 47. Rc6 g5 48. b7 Rb8 49. Rb6 Rxf2 50. Kg1 Rd2 51. Kf1 h5 52. b4 g4 53. hxg4 hxg4 54. Ba6 Rxd5 55. b5 f3 56. gxf3 gxf3 57. Rc6 Rxb5 58. Bxb5 Rxb7 59. Bc4 Rd7 60. Bd5 Kf6 61. Rc3 Ke5 62. Rd3 Ra7 63. Kf2 Ra5 64. Bxf7 Rc5 65. Kxf3 Ra5 66. Re3+ Kf6 67. Bb3 Rf5+ 68. Kg4 Rg5+ 69. Kh4 Re5 70. Rf3+ Rf5 71. Rd3 Ke7 72. Rd4 Rb5 73. Bc4 Rb4 74. Re4+ Kd8 75. Kg5 d5 76. Rd4 Rxc4 77. Rxd5+ 1/2-1/2

[Event "LEM M-V 2026 Meisterturnier"]
[Site "Neubrandenburg"]
[Date "2026.03.30"]
[Round "6.3"]
[White "Woll, Wilfried"]
[Black "Großmann, Piet"]
[Result "0-1"]
[Time "15:00:00"]
[WhiteElo "1998"]
[BlackElo "2045"]

1. Nf3 Nf6 2. c4 e6 3. g3 d5 4. Bg2 d4 5. e3 c5 6. b4 dxe3 7. fxe3 cxb4 8. Ne5 Nbd7 9. Qa4 Qc7 10. Bb2 Bd6 11. d4 Bxe5 12. dxe5 Ng4 13. Bd4 O-O 14. Nd2 Ndxe5 15. h3 Nxc4 16. hxg4 Qxg3+ 17. Kf1 Nxd2+ 18. Kg1 Nf3+ 19. Kf1 Nxd4 20. exd4 Qd3+ 21. Ke1 Qxd4 22. Rd1 Qc3+ 23. Kf2 e5 24. g5 Bf5 0-1

[Event "LEM M-V 2026 Meisterturnier"]
[Site "Neubrandenburg"]
[Date "2026.03.30"]
[Round "6.4"]
[White "Peilert, Maximilian"]
[Black "Scharf, Christian"]
[Result "1-0"]
[Time "15:00:00"]
[WhiteElo "1857"]
[BlackElo "1918"]

1. d4 Nf6 2. c4 e6 3. Nf3 d5 4. g3 Bb4+ 5. Bd2 Be7 6. Bg2 O-O 7. O-O c6 8. Qc2 b6 9. Bf4 Bb7 10. Nbd2 Nh5 11. Be5 Nd7 12. e4 Rc8 13. Rad1 c5 14. exd5 exd5 15. dxc5 Nxc5 16. Rfe1 Ne6 17. b3 b5 18. Qb1 Qb6 19. cxd5 Bxd5 20. Nf1 Rfd8 21. Ne3 Bb7 22. Nf5 Bf8 23. N5d4 Nxd4 24. Bxd4 Bc5 25. Ng5 g6 26. Bxc5 Rxc5 27. Rxd8+ Qxd8 28. Nxf7 Kxf7 29. Bxb7 Nf6 30. Qb2 Qc7 31. Bf3 b4 32. Qe2 Qd6 33. Rd1 Qe6 34. Qd2 a5 35. Qd4 Re5 36. Qa7+ Qe7 37. Qxe7+ Kxe7 38. Rc1 Kd7 39. Kg2 g5 40. Rc6 Nd5 41. Bxd5 Rxd5 42. Ra6 Kc7 43. Kf3 Kb7 44. Re6 Rd2 45. Re2 g4+ 46. Ke3 Rd1 47. Kf4 h5 48. Kg5 Rd5+ 49. Kf6 Rd6+ 50. Ke7 Rd1 51. Re5 Rd2 52. Rxa5 Rxf2 53. Rxh5 Rxa2 54. Rb5+ Kc6 55. Rxb4 Rxh2 56. Rxg4 Rb2 57. b4 Rb3 58. Ke6 Re3+ 59. Kf5 Kd5 60. Kg5 Ke5 61. Kh4 Kf6 62. Rc4 Rb3 63. g4 Rb1 64. Rc6+ Kg7 65. Rf6 Rd1 66. b5 Rd5 67. g5 Rd1 68. g6 Rd4+ 69. Kg5 Rd5+ 70. Kf4 Rc5 71. Ke4 Rg5 72. Kd4 Rg4+ 73. Kc5 Rxg6 74. Kb4 Rg1 75. Rc6 Rb1+ 76. Ka5 Ra1+ 77. Kb6 Rc1 78. Ka6 Ra1+ 79. Kb7 1-0

[Event "LEM M-V 2026 Meisterturnier"]
[Site "Neubrandenburg"]
[Date "2026.03.30"]
[Round "6.5"]
[White "Patzenhauer, Max"]
[Black "Krause, Enrico"]
[Result "0-1"]
[Time "15:00:00"]
[WhiteElo "1979"]
[BlackElo "1854"]

1. d4 d5 2. Nf3 Nf6 3. e3 Bf5 4. c4 c6 5. Nc3 e6 6. Qb3 Qb6 7. c5 Qc7 8. Be2 Nbd7 9. O-O b6 10. cxb6 axb6 11. Bd2 Be7 12. Rfc1 O-O 13. Na4 Qa7 14. Nc3 h6 15. h3 Rfc8 16. a3 Ne8 17. Be1 Nd6 18. Nd2 Bg6 19. Bd1 e5 20. Nf3 exd4 21. Nxd4 Nc5 22. Qa2 Nd3 23. Bg4 Nxc1 24. Rxc1 f5 25. Bf3 Bf7 26. Qb1 Qd7 27. Nde2 Ne4 28. Nf4 Bf6 29. Nd1 Ra4 30. Qd3 Nc5 31. Qe2 Nb3 32. Rc2 Rxf4 33. exf4 Nd4 34. Qd3 Nxc2 35. Qxc2 d4 36. Be2 c5 37. Bd3 c4 38. Bf1 Qd6 39. g3 d3 40. Qc1 Rd8 41. Bb4 d2 42. Qc2 Qd5 43. Bg2 Qd3 44. Qxd3 Rxd3 45. Bf1 Rd7 46. Be2 c3 47. bxc3 Bb3 48. Kf1 Be7 49. Bf3 Bxb4 50. axb4 Re7 51. Ne3 Rxe3 52. fxe3 d1=Q+ 53. Bxd1 Bxd1 54. Ke1 Bb3 55. Ke2 Bc4+ 56. Kf3 Bd3 57. g4 g6 58. c4 Bxc4 59. e4 fxe4+ 60. Kxe4 Kf7 61. Ke5 b5 62. f5 g5 0-1

[Event "LEM M-V 2026 Meisterturnier"]
[Site "Neubrandenburg"]
[Date "2026.03.30"]
[Round "6.6"]
[White "Schreiber, Felix"]
[Black "Schmidt, Arne"]
[Result "1/2-1/2"]
[Time "15:00:00"]
[WhiteElo "1937"]
[BlackElo "1886"]

1. d4 Nf6 2. Bf4 c5 3. e3 cxd4 4. exd4 d5 5. c3 Nc6 6. Nf3 Bf5 7. Nh4 Bxb1 8. Rxb1 e6 9. Nf3 Bd6 10. Bg3 O-O 11. Bd3 Rb8 12. O-O Bxg3 13. hxg3 b5 14. Ne5 Nxe5 15. dxe5 Nd7 16. Qe2 b4 17. cxb4 Rxb4 18. a3 Rd4 19. Rfd1 g6 20. f4 Qb6 21. Kh2 Nc5 22. Bxg6 Rxd1 23. Bxh7+ Kxh7 24. Qh5+ Kg7 25. Qg5+ Kh7 26. Qh5+ Kg7 27. Qg5+ Kh7 28. Qh5+ 1/2-1/2

[Event "LEM M-V 2026 Meisterturnier"]
[Site "Neubrandenburg"]
[Date "2026.03.30"]
[Round "6.7"]
[White "Schröder, Hannes Artur"]
[Black "Kunow, Frank"]
[Result "1/2-1/2"]
[Time "15:00:00"]
[WhiteElo "1810"]
[BlackElo "1957"]

1. e4 c6 2. d4 d5 3. Nc3 dxe4 4. Nxe4 Nf6 5. Nxf6+ exf6 6. Nf3 Bd6 7. Bd3 O-O 8. O-O Nd7 9. Be3 Re8 10. c4 Nf8 11. Qc2 Bg4 12. Nd2 Bc7 13. Rfe1 Qd6 14. Nf1 Qd7 15. Ng3 Ba5 16. Reb1 Bc7 17. Re1 Ba5 18. Reb1 Bc7 19. b4 Rac8 20. a4 h5 21. Bf5 Bxf5 22. Qxf5 Bxg3 23. Qxd7 Bxf2+ 24. Kxf2 Nxd7 25. Rd1 a6 26. Rac1 f5 27. Bg5 f6 28. Be3 Re4 29. Rc2 Rce8 30. Bc1 g5 31. h3 h4 32. d5 cxd5 33. Rxd5 Ne5 34. Rd6 Kf7 35. Bb2 Re6 36. Rd4 Rxd4 37. Bxd4 Nd3+ 38. Kg1 Re1+ 39. Kh2 Ke6 40. b5 g4 41. g3 hxg3+ 42. Kxg3 gxh3 43. Kxh3 Nf4+ 44. Kh2 Re4 45. Bb6 axb5 46. axb5 Re1 47. c5 Re2+ 48. Rxe2+ Nxe2 49. c6 bxc6 50. bxc6 Nf4 51. Bd8 Nd5 52. c7 Kd7 53. Kg3 Nxc7 54. Bxf6 Ke6 55. Bb2 Nd5 56. Kf3 Nb4 57. Bc3 Nd3 58. Bd4 Ne1+ 59. Ke2 Nc2 60. Ba7 Ke5 61. Kf3 Ne1+ 62. Ke2 Ng2 63. Kf3 Nh4+ 64. Kg3 Ng6 65. Kf3 Kf6 66. Bd4+ Ne5+ 67. Kf4 1/2-1/2

[Event "LEM M-V 2026 Meisterturnier"]
[Site "Neubrandenburg"]
[Date "2026.03.30"]
[Round "6.8"]
[White "Johlke, Lorenz"]
[Black "Lippitz, Jaden"]
[Result "0-1"]
[Time "15:00:00"]
[WhiteElo "1808"]
[BlackElo "1863"]

1. e4 c5 2. Be2 Nc6 3. f4 e6 4. Nf3 d5 5. e5 Nge7 6. O-O Ng6 7. d3 Be7 8. c3 Qb6 9. Kh1 O-O 10. d4 Bd7 11. dxc5 Bxc5 12. b4 Be3 13. g3 Bxc1 14. Qxc1 Rac8 15. Qd2 Rfd8 16. a4 d4 17. a5 dxc3 18. Qxd7 Qxb4 0-1

[Event "LEM M-V 2026 Meisterturnier"]
[Site "Neubrandenburg"]
[Date "2026.03.31"]
[Round "7.1"]
[White "Herrmann, Jakob"]
[Black "Großmann, Piet"]
[Result "1-0"]
[Time "09:00:00"]
[WhiteElo "2203"]
[BlackElo "2045"]

1. d4 Nf6 2. c4 e6 3. g3 c5 4. d5 exd5 5. cxd5 d6 6. Nc3 g6 7. Bg2 Bg7 8. Nf3 O-O 9. O-O Nbd7 10. Bf4 Qe7 11. h3 h6 12. Re1 g5 13. Bd2 b5 14. Nxb5 Ne4 15. Nc3 Ndf6 16. Nh2 Rb8 17. Qc1 Re8 18. Nf1 Bd7 19. Ne3 Nxd2 20. Qxd2 Rb4 21. a3 Rd4 22. Qc2 Qe5 23. Qb3 Ne4 24. Nxe4 Rxe4 25. Bxe4 Qxe4 26. Qc4 Bd4 27. Qd3 Qe5 28. Ng4 Qg7 29. e3 Bxb2 30. Rab1 Kf8 31. Re2 h5 32. Rexb2 hxg4 33. hxg4 Bxg4 34. Rb8 Bc8 35. Qb5 Qh7 36. Qc6 Qh3 37. Qxd6+ Kg7 38. Qxc5 Rh8 39. Qd4+ Kg6 40. Qe4+ Bf5 41. Qg2 Qxg2+ 42. Kxg2 1-0

[Event "LEM M-V 2026 Meisterturnier"]
[Site "Neubrandenburg"]
[Date "2026.03.31"]
[Round "7.2"]
[White "Walz, Fabian"]
[Black "Stövesand, Eric"]
[Result "1/2-1/2"]
[Time "09:00:00"]
[WhiteElo "2000"]
[BlackElo "1959"]

1. d4 d5 2. c4 c6 3. Nf3 Nf6 4. g3 dxc4 5. Bg2 b5 6. O-O Bb7 7. Ne5 e6 8. a4 a6 9. b3 cxb3 10. Qxb3 Qxd4 11. Bb2 Qb6 12. Nd2 Be7 13. Nxf7 O-O 14. Ne5 Nd5 15. e4 Nc7 16. Ndc4 Qa7 17. Na5 Bc5 18. Nd3 Bb6 19. Qc3 Rf7 20. Ne5 b4 21. Qxb4 c5 22. Qc3 Bxa5 23. Qxa5 Nc6 24. Nxc6 Bxc6 25. Ba3 c4 26. Qc5 Qxc5 27. Bxc5 a5 28. Rfc1 Na6 29. Rxc4 Nxc5 30. Rxc5 Bb7 31. Rb1 Rd7 32. h4 Ra7 33. Kh2 Kf7 34. Rbb5 Kf6 35. e5+ Kg6 36. Bxb7 Rdxb7 37. Rxb7 Rxb7 38. Rxa5 Kf5 39. Kh3 h5 40. f4 Rb1 41. Rb5 Rh1+ 42. Kg2 Ra1 43. Rb7 g6 44. Kh3 Rh1+ 45. Kg2 Ra1 46. Rg7 Rxa4 47. Kh3 1/2-1/2

[Event "LEM M-V 2026 Meisterturnier"]
[Site "Neubrandenburg"]
[Date "2026.03.31"]
[Round "7.3"]
[White "Ehlers, Michael"]
[Black "Peilert, Maximilian"]
[Result "0-1"]
[Time "09:00:00"]
[WhiteElo "1943"]
[BlackElo "1857"]

1. e4 c6 2. d3 d5 3. Nd2 e5 4. Ngf3 Qc7 5. g3 Nf6 6. Bg2 Bd6 7. O-O O-O 8. Re1 dxe4 9. dxe4 Rd8 10. Qe2 Be6 11. Nc4 Bxc4 12. Qxc4 Nbd7 13. Nh4 b5 14. Qe2 a5 15. Bg5 a4 16. c3 a3 17. b3 Qa5 18. Nf5 Bf8 19. b4 Qb6 20. Red1 c5 21. Be3 Qc7 22. Rac1 c4 23. g4 Nb6 24. g5 Rxd1+ 25. Rxd1 Nfd7 26. Qg4 Rd8 27. Bh3 Na4 28. Nh6+ gxh6 29. gxh6+ Kh8 30. Bg5 Be7 31. Bxe7 Rg8 32. Qxg8+ Kxg8 33. Rxd7 Qb8 34. Rd8+ Qxd8 35. Bxd8 Nxc3 36. Bd7 Nxa2 37. Bxb5 c3 38. Ba4 Nxb4 39. Bb3 c2 40. Bg5 a2 41. Bxa2 Nxa2 0-1